000 00650nam a22002177a 4500
003 UA-OsUOA
001 102964
007 ta
008 20131007b un ||||| |||| 00| 0 ukr d
100 _aЛеоненко П.М.
090 _a330
_bЛ47
942 _cSA
040 _aUA-OsUOA
_bukr
_cUA-OsUOA
_dUA-OsUOA
245 _aМетодологія аналізу наукових шкіл у економічній і фінансовій науках
300 _aС.31-50
955 _a0
041 _aukr
080 _a330
773 0 _w102961
_tФінанси України
_dК.
_d2013
_g5
650 7 _a330 Економіка взагалі
_2UDC
999 _c389173
_d389173